[Event "Biel"]
[Site "32"]
[Date "1999.07.25"]
[Round "7"]
[White "Piket, Jeroen"]
[Black "Onischuk, Alexander"]
[Result "0-1"]
[WhiteElo "2635"]
[BlackElo "2657"]
[Annotator "JvR"]
[PlyCount "134"]
[EventDate "1999.07.19"]
[SourceDate "2013.10.27"]

1. d4 Nf6 2. Nf3 e6 3. g3 b5 4. Bg2 Bb7 5. Bg5 d5 6. c3 Nbd7 $5 ({
The alternative is} 6... c5) 7. a4 b4 8. a5 Rb8 9. a6 $6 {
The a-pawn becomes a weakness.} Ba8 $1 10. Qa4 Be7 11. Ne5 $6 {
He overestimates his chances.} ({Better is} 11. Nbd2) 11... O-O 12. Bxf6 Nxf6
13. Nd3 bxc3 14. Nxc3 Ne4 15. e3 Rb6 16. Qc2 Nxc3 17. bxc3 Qc8 18. O-O $5 {
Jeroen gives a pawn for counter-play.} Rxa6 19. c4 dxc4 20. Qxc4 Rxa1 21. Rxa1
Bxg2 22. Kxg2 Qb7+ 23. Kg1 Bd6 24. Qa6 $1 Qxa6 25. Rxa6 Ra8 26. Nb2 Kf8 $1 {
He is going to liberate his position.} 27. Nc4 Ke7 28. Kf1 Kd7 29. Ke2 Kc8 30.
Nxd6+ cxd6 31. e4 $6 (31. Rxd6 a5 32. Rc6+ Kb7 33. Rc2 a4 34. Ra2 Kb6 35. Kd3
Kb5 36. Rb2+ {forces a draw.}) 31... Kb7 $1 32. Rxd6 a5 $1 33. Kd3 a4 34. Kc2
Kc7 35. e5 a3 36. Kb1 Rb8+ 37. Ka2 Rb2+ $1 38. Kxa3 Rxf2 {
He still has an extra pawn.} 39. h4 $2 (39. Ra6 $1 Rxh2 40. Ra7+ Kc6 41. Rxf7
Kd5 42. Rd7+ $1 Kc4 43. d5 $1 exd5 44. Rxg7 {draws.}) 39... Rf3+ 40. Kb4 Rxg3
41. Ra6 Kb7 42. Rd6 Rf3 $1 43. Kc4 Kc7 44. Ra6 Rf1 45. Ra7+ Kb6 46. Rd7 Kc6 47.
Ra7 h5 $1 48. Re7 Rf4 49. Ra7 Rxh4 $1 50. Rxf7 Rg4 {
Onischuk has connected passed pawns.} 51. Ra7 Rg6 $2 (51... h4 $1 52. Ra6+ Kb7
53. Ra3 g5 {starts an effective avalanche.}) 52. Ra6+ Kb7 $1 53. Kb5 $1 h4 $1
54. Rb6+ Kc8 $1 55. Kc6 h3 $1 56. Ra6 Kb8 $5 57. Ra1 $2 ({Right is} 57. Rb6+ $1
Kc8 58. Ra6 Kd8 59. Kd6 Ke8 60. Ra8+ Kf7 61. Ra7+ Kg8 62. Ra8+ Kh7 {
The king has escaped at last.} 63. Ra1 Rh6 64. d5 $1 exd5+ 65. e6 g5 66. Kxd5
Kg6 67. e7 Kf7 68. e8=Q+ Kxe8 69. Ke5 $1 g4 70. Kf4 {
White stops the passed pawns.}) 57... h2 58. Rh1 Rh6 $1 59. Kd7 g5 60. d5 Rh7+
61. Kxe6 g4 62. Kf5 g3 63. d6 Kc8 64. e6 g2 65. Rc1+ Kb7 66. Rb1+ Kc6 67. e7
Rh8 $1 {Onischuk won the rook endgame. Avrukh took the lead.} 0-1

[Event "Biel"]
[Site "32"]
[Date "1999.07.27"]
[Round "9"]
[White "Piket, Jeroen"]
[Black "Avrukh, Boris"]
[Result "1-0"]
[WhiteElo "2635"]
[BlackElo "2588"]
[Annotator "JvR"]
[PlyCount "89"]
[EventDate "1999.07.19"]
[SourceDate "2013.10.27"]

1. d4 Nf6 2. c4 g6 3. Nc3 d5 4. Nf3 Bg7 5. Qb3 dxc4 6. Qxc4 O-O 7. e4 a6 8. Be2
b5 9. Qb3 c5 10. dxc5 Be6 11. Qc2 Nc6 12. O-O Qc7 13. h3 $1 {
Piket plays a fine novelty in the decisive game.} Nb4 14. Qb1 Qxc5 {
Two black pieces are misplaced.} 15. Be3 Qc8 16. Rc1 Qb7 17. Nd4 Bc4 18. a3 Nc6
19. Nxc6 Qxc6 20. Bf3 $1 Qd6 $1 21. Rd1 $1 {White has gained a plus.} Qe5 $2 {
Black commits a tactical error.} ({Preferable is} 21... Qc7 22. e5 Qxe5 23.
Bxa8 Rxa8 {and Black has compensation for the exchange.}) 22. Bd4 $1 Qe6 23. e5
Nd5 {He closes the long diagonal.} 24. Ne4 $1 {Jeroen threatens b3.} Nf4 25.
Nc5 $1 Qf5 26. Qxf5 gxf5 27. Bxa8 Ne2+ 28. Kh1 Rxa8 {
Black has lost the exchange.} 29. Nd7 $1 Be6 30. Bc5 $5 Re8 31. g3 $1 Bh6 32.
Kg2 Nc1 33. Bxe7 $1 Rxe7 34. Nf6+ Kg7 35. Rd8 {A mate attack has been started.}
Bd2 36. Rxd2 Nb3 37. Rd8 Nxa1 38. Rg8+ Kh6 39. g4 fxg4 40. hxg4 Bxg4 41. Nxg4+
Kh5 42. Nf6+ Kh6 43. f4 Nc2 44. Ng4+ Kh5 45. Kg3 {
Piket led by half-a-point ahead of Avrukh and Onischuk.} 1-0

[Event "Biel"]
[Site "32"]
[Date "1999.07.28"]
[Round "10"]
[White "Avrukh, Boris"]
[Black "Bunzmann, Dimitrij"]
[Result "1-0"]
[WhiteElo "2588"]
[BlackElo "2596"]
[Annotator "JvR"]
[PlyCount "95"]
[EventDate "1999.07.19"]
[SourceDate "2013.10.27"]

1. d4 Nf6 2. c4 e6 3. Nc3 Bb4 4. e3 b6 5. Nge2 Ba6 6. a3 Bxc3+ 7. Nxc3 d5 8. b3
O-O 9. Be2 Nbd7 10. O-O c5 11. a4 $5 Re8 $5 12. Nb5 $5 cxd4 $6 ({Preferable is
} 12... Qb8) 13. exd4 e5 14. Nd6 Rf8 $2 ({Correct is} 14... Re7 $1 15. Bg5 exd4
16. Bf3 $1 h6 17. Bh4 Qc7) 15. Ba3 exd4 16. Qxd4 Nc5 $5 {
Black makes a desperate attempt.} 17. Bxc5 bxc5 18. Qxc5 Qe7 19. Bf3 $1 Rac8
20. Qa3 Rcd8 21. Nb5 Qxa3 22. Rxa3 dxc4 23. bxc4 Rc8 24. Rc1 Nd7 25. Nxa7 Rxc4
26. Rxc4 Bxc4 27. Nc6 Re8 28. h3 Ne5 29. Nxe5 Rxe5 30. a5 Ba6 31. Re3 Rxe3 32.
fxe3 Kf8 33. Kf2 Ke7 34. Be2 Bxe2 35. Kxe2 Kd6 36. Kf3 Kc5 37. Ke4 Kb5 38. Kd5
Kxa5 39. Kd6 Kb5 40. Ke7 f5 41. Kf7 Kc4 42. Kxg7 Kd3 43. Kxh7 Kxe3 44. Kg6 Kf4
45. h4 Kg4 46. h5 f4 47. h6 Kg3 48. Kg5 {Avrukh won a fine game.} 1-0

[Event "Biel"]
[Site "32"]
[Date "1999.07.28"]
[Round "10"]
[White "Bologan, Viktor"]
[Black "Piket, Jeroen"]
[Result "0-1"]
[WhiteElo "2620"]
[BlackElo "2635"]
[Annotator "JvR"]
[PlyCount "60"]
[EventDate "1999.07.19"]
[SourceDate "2013.10.27"]

1. e4 e5 2. Nf3 Nc6 3. Bb5 Nf6 4. O-O Bc5 5. c3 O-O 6. d4 Bb6 7. Bg5 h6 8. Bh4
d6 9. a4 a5 10. Re1 exd4 11. Bxc6 bxc6 12. Nxd4 Re8 13. Nd2 c5 14. Nc2 Bb7 15.
f4 $5 {White prevents ..g5.} (15. f3 c4+ 16. Nd4 {
drew in Ree - Knezevic, Kiev 1978.}) 15... c4+ 16. Nd4 Rb8 $1 17. Re3 Ba8 18.
Qc2 Nd5 $3 {Jeroen delivers a great sacrifice.} 19. Bxd8 ({A pointe is} 19. Rh3
$2 Nb4 $1) 19... Nxe3 20. Qb1 Rbxd8 {
Black has a minor piece and a rook plus an attack for a queen.} 21. h3 $2 (21.
Kf2 Ng4+ 22. Kg1 Ne3 {leads to a repetition (Piket).}) 21... f5 $1 {
The attack proceeds.} 22. Qa2 Bxe4 23. Nxc4 Bd5 24. b3 Bxd4 25. cxd4 Nxg2 26.
Qf2 $5 ({Or} 26. Rf1 Rb8 27. Qc2 Ne3 28. Nxe3 Rxe3 {and Black charges.}) 26...
Re6 27. Nxa5 Rde8 28. Nc4 Rg6 $1 29. Kh2 Nxf4 $1 30. Rg1 Rxg1 {
Piket kept the lead.} 0-1

[Event "Biel"]
[Site "32"]
[Date "1999.07.28"]
[Round "10"]
[White "Pelletier, Yannick"]
[Black "Onischuk, Alexander"]
[Result "0-1"]
[WhiteElo "2479"]
[BlackElo "2657"]
[Annotator "JvR"]
[PlyCount "98"]
[EventDate "1999.07.19"]
[SourceDate "2013.10.27"]

1. d4 Nf6 2. c4 e6 3. Nf3 b6 4. a3 Bb7 5. Nc3 g6 6. Bg5 Bg7 7. e4 h6 8. Bxf6
Qxf6 9. Bd3 d6 10. O-O Nd7 11. Re1 $5 O-O 12. Qe2 Qe7 13. Rac1 c5 14. d5 {
The white pawn centre becomes vulnerable.} Kh8 15. Qd2 g5 $1 16. g3 Rg8 17.
Rcd1 Raf8 {He prepares a charge on the kingside.} 18. Bf1 Ne5 19. Nxe5 Bxe5 20.
Bg2 Qf6 21. Re2 h5 22. Qd3 h4 23. Kf1 {The king goes to the other flank.} a6
24. Ke1 Rb8 25. a4 Bc8 26. Kd2 Bd7 27. Kc2 b5 $1 {
The area of attack has changed to the queenside.} 28. axb5 axb5 29. cxb5 Bxc3
30. Qxc3 e5 $1 {Black has the better bishop.} 31. Kb1 Rxb5 32. gxh4 gxh4 33.
Bh3 Bxh3 34. Qxh3 Rbb8 35. Rf1 Qf4 36. Qe3 Rg4 37. h3 Rg5 38. Qa3 $2 {
White is going to lose time.} ({Correct is} 38. Qxf4 exf4 39. Kc2) 38... Rb4
39. Rfe1 Kg7 40. Qe3 $5 Qxe3 41. Rxe3 f5 $1 {
The white pawn centre is eliminated in the double rook ending.} 42. R3e2 Rd4
43. Kc1 Kf6 44. f4 exf4 45. e5+ dxe5 46. Rxe5 Rg2 47. Re8 f3 48. Rf8+ Kg5 49.
Re5 Rf4 {The final standings became: Piket 7/10, Avrukh 61/2, Onischuk 6,
Bologan 5, Pelletier 31/2, Bunzmann 2.} 0-1

[Event "Biel"]
[Site "33"]
[Date "2000.07.24"]
[Round "1"]
[White "Svidler, Peter"]
[Black "Milov, Vadim"]
[Result "1-0"]
[WhiteElo "2689"]
[BlackElo "2626"]
[Annotator "JvR"]
[PlyCount "67"]
[EventDate "2000.07.24"]
[SourceDate "2013.10.27"]

{The thirty-third Schachfestival was played from 24 vii until 4 viii 2000. Six
grandmasters played double rounds. Peter Svidler was the star.} 1. e4 c5 2. Nf3
e6 3. d4 cxd4 4. Nxd4 a6 5. Nc3 b5 6. Bd3 Bb7 7. O-O Qb6 8. Be3 Bc5 9. Nce2 Nf6
$5 ({Known is} 9... Nc6) 10. b4 $1 {White gains an edge from the opening.} Bxd4
$5 (10... Bxb4 11. Nf5 Qc7 12. Nxg7+ Kf8 13. Bh6 {
also leads to a white advantage (Svidler).}) 11. Bxd4 Qc7 12. c4 e5 13. Bb2 Nc6
14. cxb5 axb5 15. Nc3 Nd4 $5 (15... Nxb4 16. Nxb5 Qb8 17. Bc4 {favours White.})
16. Bxb5 O-O 17. Bd3 {White has a number of advantages.} Rfd8 18. Re1 d5 19.
exd5 Bxd5 20. Nxd5 Rxd5 21. Rc1 Qb7 22. Bc4 Rd7 23. a3 Rad8 24. Qd3 e4 $5 25.
Qe3 h6 26. h3 Rd6 27. Bf1 Rd5 28. Rc4 Nf5 29. Qc1 R8d6 $5 30. Bxf6 Rxf6 31.
Rcxe4 Qb6 32. Re5 Ng3 $5 33. Qc8+ Rd8 34. Qxd8+ {Black will lose material.} 1-0

[Event "Biel"]
[Site "33"]
[Date "2000.07.25"]
[Round "2"]
[White "Gallagher, Joseph"]
[Black "Svidler, Peter"]
[Result "0-1"]
[WhiteElo "2514"]
[BlackElo "2689"]
[Annotator "JvR"]
[PlyCount "104"]
[EventDate "2000.07.24"]
[SourceDate "2013.10.27"]

1. e4 c5 2. Nf3 d6 3. d4 cxd4 4. Nxd4 Nf6 5. Nc3 a6 6. Be2 e5 7. Nb3 Be7 8. O-O
O-O 9. Kh1 b6 10. a4 Bb7 11. f3 Nc6 12. Bg5 Nb4 13. Nb1 h6 14. Bxf6 Bxf6 15.
Na3 Qc7 16. c3 Nc6 17. Nc4 Rad8 18. Ne3 $6 (18. Qd3 Bg5 19. Ne3 {
ended as a draw in Psakhis - Topalov, Las Vegas 1999}) ({Preferable is} 18. Qe1
$1 d5 19. exd5 Rxd5 20. Qf2) 18... Ne7 $1 19. c4 Bg5 20. Nd5 Nxd5 21. cxd5 f5
$1 {Black has the initiative.} 22. Bd3 fxe4 23. fxe4 Rxf1+ 24. Qxf1 Rf8 25. Qe2
Bc8 26. Nd2 $1 a5 27. Nf3 Bg4 $1 {The two bishops bring a plus.} 28. Rf1 Bf4
29. Qe1 Qf7 30. Ng1 $5 Qc7 31. Ne2 Qc5 32. Nc3 ({The alternative is} 32. Nxf4
$5 exf4 33. Qh4 Bd7 34. Qe7 {(Svidler).}) 32... Qd4 33. Be2 Bd7 34. Bb5 Bc8 35.
Qe2 g6 36. g3 $5 Bd2 37. Rxf8+ $5 Kxf8 38. Qd3 $2 {
White blunders under time pressure.} (38. Kg2 $1 Ke7 39. Nd1 {defends properly.
}) 38... Qxd3 39. Bxd3 Bxc3 40. bxc3 Bd7 $1 {
Black has the better bishop in the ending.} 41. Bc2 b5 $1 42. axb5 Bxb5 43. Kg2
a4 $1 {The passed pawn decides the game.} 44. c4 a3 $1 45. Bb3 Ba4 $1 46. Ba2
Ke7 47. Kf3 Bc2 48. Ke3 Kd7 49. Kd2 $5 Bxe4 50. Kc3 Bf3 51. Kd3 ({The pointe is
} 51. Kb3 e4 52. Kxa3 e3) 51... Kc7 52. Ke3 Bg4 {Svidler won again.} 0-1

[Event "Biel"]
[Site "33"]
[Date "2000.07.25"]
[Round "2"]
[White "Ponomariov, Ruslan"]
[Black "Van Wely, Loek"]
[Result "0-1"]
[WhiteElo "2630"]
[BlackElo "2643"]
[Annotator "JvR"]
[PlyCount "156"]
[EventDate "2000.07.24"]
[SourceDate "2013.10.27"]

1. e4 c5 2. c3 Nf6 3. e5 Nd5 4. Nf3 Nc6 5. Bc4 Nb6 6. Bb3 c4 7. Bc2 Qc7 8. Qe2
g5 9. e6 dxe6 10. Nxg5 Qe5 11. d4 cxd3 12. Bxd3 Qxe2+ 13. Bxe2 h6 14. Ne4 e5
15. Na3 f5 $5 ({Known is} 15... Bf5) 16. Bh5+ (16. Ng3 $5 {
will be played in future games.}) 16... Kd8 17. Ng3 e6 18. Nc2 Bd6 19. Bd2 Nc4
20. O-O-O Nxd2 21. Rxd2 Ke7 22. Rhd1 Bc7 23. Nf1 $5 b5 24. g3 Rb8 25. b4 $6 {
He weakens his pawn structure.} Rd8 26. Nfe3 Rxd2 27. Rxd2 Bb7 28. a3 a6 {
Black has gained a plus.} 29. Na1 $5 Bb6 30. Nb3 Na7 31. Bd1 Nc8 32. Nc5 Nd6
33. Rc2 $2 ({Preferable is} 33. Nxb7 Rxb7 34. Be2) 33... Bxc5 34. bxc5 Ne4 {
Van Wely controls the centre.} 35. c4 Rc8 $2 (35... Nxc5 36. cxb5 Nd3+ 37. Kd2
Nxf2 {gains a pawn.}) 36. cxb5 axb5 37. Bf3 Kd7 38. Kb2 Bd5 39. Bxe4 Bxe4 40.
Rc3 $2 (40. Rd2+ $5 Ke7 41. Kb3 Rxc5 42. Kb4 {defends properly.}) 40... Kc6 41.
Nf1 $5 Rd8 42. f3 Bd3 43. Ne3 h5 44. Kc1 Rd4 45. Nd1 Be2 46. Nf2 Rc4 47. Kd2
Rxc3 48. Kxc3 Kxc5 {Black has won a pawn.} 49. f4 exf4 50. gxf4 Kd5 51. Kd2 Bf1
52. h4 Kc4 53. Nh1 Bg2 54. Nf2 Kb3 $5 {
Black is going to make a manouevre on the queenside.} (54... Kd4 $1 {
leads to zugzwang.}) 55. Nd3 Bd5 56. Nb4 Be4 57. Na6 Kxa3 {A second pawn falls.
} 58. Kc3 Bd5 59. Nb4 Ka4 60. Nd3 Ka5 61. Nb4 Bc4 62. Nc2 Ka4 63. Nd4 Ka3 64.
Nc6 Ka2 65. Ne5 Kb1 $1 66. Nd7 Kc1 67. Nf6 Be2 68. Ne8 Kd1 69. Ng7 Bg4 70. Nxe6
Ke2 $1 71. Nd4+ Kf2 72. Nxb5 Kg3 {
Black has returned the extra pawns, but he wins easily.} 73. Kd2 Kxh4 74. Ke1
Kg3 75. Nd4 h4 76. Kf1 h3 77. Kg1 h2+ 78. Kh1 Kh3 {Mate in one follows.} 0-1

[Event "Biel"]
[Site "33"]
[Date "2000.07.27"]
[Round "4"]
[White "Gallagher, Joseph"]
[Black "Ponomariov, Ruslan"]
[Result "0-1"]
[WhiteElo "2514"]
[BlackElo "2630"]
[Annotator "JvR"]
[PlyCount "76"]
[EventDate "2000.07.24"]
[SourceDate "2013.10.27"]

1. e4 g6 2. d4 Bg7 3. Nc3 d6 4. Be3 a6 5. Qd2 Nd7 6. a4 b6 7. Nf3 e6 8. Bc4 h6
9. h3 Ne7 10. O-O Bb7 11. Rfe1 g5 12. Nh2 Ng6 $5 ({Known is} 12... Nf6) 13. Nf1
Nf6 14. Ng3 O-O 15. Bd3 $5 c5 16. dxc5 $2 ({More active is} 16. d5 $1 {
(Finkel).}) 16... bxc5 17. Rad1 Qc7 18. Qe2 d5 $1 19. exd5 exd5 20. Bc1 Rae8
21. Qd2 $6 ({More useful is} 21. Qf1) 21... Nh4 $1 {Black attacks.} 22. Rxe8
Rxe8 23. Re1 Rxe1+ 24. Qxe1 c4 25. Bf1 d4 26. Nce2 {White is driven back.} Qc5
27. Qd1 Ne4 28. Nxe4 Bxe4 29. Ng3 Bg6 30. Qe2 $6 ({Slightly better is} 30. Bd2
Be5 31. b4) 30... d3 $1 31. cxd3 cxd3 32. Qe8+ Kh7 33. Be3 Qd5 $1 34. Bd2 Bxb2
35. f3 $5 Be5 36. Ne4 Bxe4 37. fxe4 Qd4+ 38. Kh1 Qf2 $1 {
White will be mated. Ponomariov came back from a previous loss.} 0-1

[Event "Biel"]
[Site "33"]
[Date "2000.07.27"]
[Round "4"]
[White "Svidler, Peter"]
[Black "Gelfand, Boris"]
[Result "1-0"]
[WhiteElo "2689"]
[BlackElo "2681"]
[Annotator "JvR"]
[PlyCount "58"]
[EventDate "2000.07.24"]
[SourceDate "2013.10.27"]

1. e4 c5 2. Nf3 d6 3. d4 cxd4 4. Nxd4 Nf6 5. Nc3 a6 6. Be3 e6 7. g4 e5 8. Nf5
g6 9. g5 gxf5 10. exf5 d5 11. gxf6 d4 {They play a razor-sharp opening.} 12.
Bc4 Qc7 13. Qd3 dxe3 14. O-O-O exf2 15. Bxf7+ {Another piece is sacrificed.}
Kxf7 16. Qd5+ Kxf6 17. Ne4+ Ke7 18. f6+ $5 (18. Nd6 Bh6+ 19. Kb1 Kf6 {
was applied by Van Wely in two rapid games.}) 18... Ke8 19. f7+ Ke7 20. Qd2 $1
Qc6 $2 {Gelfand puts his queen on a wrong square.} (20... Qb6 $1 21. Qg5+ Kxf7
22. Rhf1 Bh6 $1 23. Rxf2+ Ke8 $1 24. Rd8+ $1 Qxd8 25. Qxh6 Qe7 26. Nf6+ {
leads to equality, but Black will win in Almasi - Svidler, Polanica Zdroj 2000.
}) 21. Qg5+ Kxf7 22. Rhf1 Bc5 ({The pointe is} 22... Bh6 $2 23. Rxf2+ Ke8 24.
Rd8#) 23. Nxf2 Nd7 24. Ng4+ Ke8 25. Nxe5 Qe6 26. Rfe1 Nf6 $5 ({Or} 26... Rg8
27. Qh5+ Rg6 28. Nxg6 Be3+ 29. Kb1 hxg6 30. Qf3 $1 {(Svidler).}) 27. Nd3 Be7 (
27... Ne4 28. Qh5+ Qg6 29. Rxe4+ Be7 30. Qe5 {wins for White (Svidler).}) 28.
Rxe6 Bxe6 29. Re1 Nd7 {White captures on e6 and wins easily. Svidler led by 4/
5 after the first cycle, one point ahead of Van Wely.} 1-0

[Event "Biel"]
[Site "33"]
[Date "2000.07.30"]
[Round "6"]
[White "Gallagher, Joseph"]
[Black "Van Wely, Loek"]
[Result "0-1"]
[WhiteElo "2514"]
[BlackElo "2643"]
[Annotator "JvR"]
[PlyCount "156"]
[EventDate "2000.07.24"]
[SourceDate "2013.10.27"]

1. e4 c5 2. Nf3 d6 3. d4 cxd4 4. Nxd4 Nf6 5. Nc3 a6 6. Be2 e5 7. Nb3 Be7 8. Be3
Be6 9. Nd5 Nbd7 10. Qd3 Bxd5 11. exd5 O-O 12. g4 Nc5 13. Nxc5 dxc5 14. O-O-O e4
15. Qb3 $5 (15. Qd2 {happened in Khalifman - Gelfand, Las Vegas 1999.}) 15...
Bd6 $5 16. Qxb7 {Gallagher accepts the challenge.} Nd7 17. Qc6 Qe7 18. Qa4 Nb6
19. Qa5 Rfb8 20. Rd2 Qb7 $5 {He threatens ..Nc4!} 21. c4 $1 Qe7 22. Rc2 Nd7 23.
Rc3 Be5 24. Rb3 Qf6 25. Qd2 Rxb3 26. axb3 a5 27. g5 Qb6 28. Qc2 g6 $5 29. Bg4
f5 $1 30. gxf6 Nxf6 31. Be6+ Kg7 32. f4 $2 (32. h4 $1 Rb8 33. Rh3 $1 {
continues the attack.}) 32... exf3 33. Rf1 $6 a4 $1 34. bxa4 $6 Rxa4 35. Rxf3
Ra1+ 36. Kd2 Ra2 $5 37. Kd1 $6 Rxb2 38. Qd3 Rxh2 39. Rf2 Rh1+ 40. Ke2 Rb1 41.
Qa3 Rb4 42. Qa8 Rb2+ 43. Kf1 Rxf2+ 44. Kxf2 Bd4 45. Bxd4 $2 (45. Qa3 $1 {
defends properly.}) 45... cxd4 46. Qa3 d3+ $1 47. c5 Qxc5+ (47... Qb1 $1 48. c6
Qc2+ 49. Ke3 d2 {wins quickly.}) 48. Qxc5 Ne4+ 49. Ke3 Nxc5 {
Black has two extra pawns in the knight versus bishop ending.} 50. Bg4 h5 51.
Bd1 Kf6 52. Kd4 Nd7 53. Kxd3 Ke5 54. Ke3 Nb6 55. Kf3 Nxd5 {
Loek has to win a theoretically won ending.} 56. Kg3 Kf5 57. Kh4 Nf4 $1 58.
Bc2+ Kf6 59. Bd1 Ng2+ 60. Kg3 Ne3 61. Ba4 Nf5+ 62. Kh3 g5 $1 63. Bd1 Kg6 64.
Be2 Kh6 65. Bf3 Nh4 66. Bd1 Ng6 67. Kg3 Ne5 68. Be2 g4 69. Kf4 Ng6+ $1 70. Kg3
Kg5 71. Ba6 h4+ 72. Kh2 Nf4 73. Bc8 g3+ 74. Kh1 Kf6 75. Kg1 Ke5 76. Kf1 Kd4 77.
Bg4 Ke3 78. Kg1 h3 $1 {Van Wely neared Svidler.} 0-1

[Event "Biel"]
[Site "33"]
[Date "2000.07.31"]
[Round "7"]
[White "Svidler, Peter"]
[Black "Gallagher, Joseph"]
[Result "1-0"]
[WhiteElo "2689"]
[BlackElo "2514"]
[Annotator "JvR"]
[PlyCount "69"]
[EventDate "2000.07.24"]
[SourceDate "2013.10.27"]

1. e4 c5 2. Nf3 d6 3. d4 cxd4 4. Nxd4 Nf6 5. Nc3 a6 6. Be3 e5 7. Nb3 Be6 8. f3
Nbd7 9. g4 b5 10. g5 b4 11. Nd5 Nxd5 12. exd5 Bf5 13. Bd3 Bxd3 14. Qxd3 Be7 15.
h4 O-O 16. O-O-O a5 17. Nd2 f5 18. gxf6 Nxf6 19. h5 Qc8 20. h6 g6 21. Rdg1 $5 (
21. Rhg1 {drew in Shirov - Svidler, Wijk aan Zee 1999.}) 21... Kh8 $1 22. f4 $6
Qa6 $6 (22... Qf5 $1 23. fxe5 Qxd3 24. cxd3 dxe5 25. Rg5 Nxd5 26. Rxe5 Nxe3 27.
Rxe7 Nf5 {favours Black.}) 23. Nc4 $1 Rfc8 $6 ({Preferable is} 23... e4 $1 24.
Qd4 Rac8) 24. b3 a4 25. fxe5 dxe5 26. d6 axb3 27. axb3 Rd8 28. Bg5 Ng8 $6 (
28... Rd7 $1 29. Qf3 Rf8 30. Kb2 Rxd6 31. Nxd6 Qxd6 {offers more resistance.})
29. Qe3 Bxg5 $6 ({Better is} 29... Rxd6 30. Nxd6 Bxd6) 30. Rxg5 Rxd6 31. Nxd6
Qxd6 32. Kb1 Ra5 33. Qc1 Qf6 34. Rg4 Nxh6 $2 35. Qxh6 {
Svidler increased his lead on Van Wely.} 1-0

[Event "Biel"]
[Site "33"]
[Date "2000.08.03"]
[Round "9"]
[White "Svidler, Peter"]
[Black "Van Wely, Loek"]
[Result "1-0"]
[WhiteElo "2689"]
[BlackElo "2643"]
[Annotator "JvR"]
[PlyCount "67"]
[EventDate "2000.07.24"]
[SourceDate "2013.10.27"]

{Van Wely had to win, because he was tailing Svidler by one point.} 1. e4 c5 2.
Nf3 d6 3. d4 cxd4 4. Nxd4 Nf6 5. Nc3 a6 6. Be3 e6 7. g4 e5 8. Nf5 g6 9. Bg2 d5
10. Bg5 gxf5 11. Nxd5 Be7 12. Bxf6 Bxf6 13. exf5 h5 14. h3 Bd7 {
They seek the confrontation. White has sacrificed a piece.} 15. Qd3 $5 (15. Qe2
hxg4 16. hxg4 Rxh1+ 17. Bxh1 {drew in Tolnai - Gavrikov, Berlin 1989.}) 15...
hxg4 16. O-O-O $5 {A pawn is given as well.} ({More solid is} 16. hxg4 Rxh1+
17. Bxh1 Bc6 18. O-O-O) 16... gxh3 $1 17. Rxh3 Rxh3 18. Qxh3 Bc6 19. Qh7 Kf8 $2
({Better is} 19... Nd7 $1 20. f4 Nf8 $1 21. Qh6 Bxd5 22. Bxd5 Qe7 23. Bxb7 Rd8
24. Bc6+ Nd7) 20. Be4 $2 (20. c4 $1 Nd7 21. Nxf6 Qxf6 22. Bxc6 bxc6 23. Rxd7 {
gains an advantage.}) 20... Bxd5 21. Bxd5 Qd7 $1 22. Bf3 $1 Qc7 23. Rg1 Qc4 $2
({Right is} 23... Ke7 $1 24. Bh5 Kd6 $1 25. Bxf7 Qe7 26. Qg8 Kc7 27. Be6 Kb6 {
and Black has a plus (Van Wely and Cifuentes).}) 24. Bxb7 e4 $2 (24... Nc6 $1
25. Bxa8 Nd4 26. Qg8+ Ke7 27. c3 Ne2+ 28. Kb1 Qd3+ 29. Ka1 Nxg1 30. Qxg1 Qxf5 {
offers more resistance (Svidler).}) 25. Qg8+ Ke7 26. Bxa8 Qxa2 27. Qxb8 $6 Qa1+
28. Kd2 Qxg1 29. Qb4+ Kd7 30. Qb7+ Kd8 31. Qb6+ Ke7 $6 32. Qc5+ Kd8 33. Qd6+
Kc8 34. Qc6+ {Svidler had won the tournament.} 1-0

[Event "Biel"]
[Site "33"]
[Date "2000.08.04"]
[Round "10"]
[White "Ponomariov, Ruslan"]
[Black "Gallagher, Joseph"]
[Result "1-0"]
[WhiteElo "2630"]
[BlackElo "2514"]
[Annotator "JvR"]
[PlyCount "65"]
[EventDate "2000.07.24"]
[SourceDate "2013.10.27"]

1. e4 c5 2. Nf3 e6 3. d4 cxd4 4. Nxd4 a6 5. Nc3 b5 6. Bd3 Bc5 7. Nb3 Be7 8. Qg4
g6 $5 ({Known is} 8... Nf6 9. Qxg7 Rg8 10. Qh6 {
(Tiviakov - Bosboom, Hoogeveen 1999).}) 9. Qe2 d6 10. O-O b4 $2 ({Better is} 
10... Nc6) 11. Nd1 Bb7 12. a3 $1 {White attacks on the queenside.} Nc6 13. Bd2
bxa3 14. Rxa3 $1 {White has achieved an edge.} Qc8 15. Ne3 Nf6 16. Nc4 Qc7 17.
Nca5 {He blockades.} Ne5 $5 18. Nxb7 Nxd3 $1 19. cxd3 Qxb7 20. Na5 Qd7 (20...
Qxb2 $2 21. Rb3 $1 Qa2 22. Qd1 $1 O-O 23. Nc4 Qa4 24. Nb6 {costs material.})
21. Rb3 Rc8 22. Nc4 $1 Bd8 23. Bh6 {White has the initiative on both flanks.}
d5 $5 24. Nb6 Bxb6 25. Rxb6 Qa4 26. Qf3 $5 Nd7 27. b3 dxe4 28. dxe4 Qa5 29. Rb7
Qh5 30. Qf4 $1 e5 31. Qd2 Nc5 32. Ra7 g5 33. Qd6 $1 {Black will be mated soon.
The final standings became: Svidler 71/2/10, Van Wely and Ponomariov 51/2,
Gelfand and Milov 5, Gallagher 11/2.} 1-0